TENWEK HOSP HOME | SOC  | ASK A LIBRARIANSTAFF LOGIN  |  DIGITAL REPOSITORYe-BOOK PORTAL  |  OFF-CAMPUS PORTAL  |  DONATE

Nursing diagnosis handbook : (Record no. 2395)

MARC details
000 -LEADER
fixed length control field 01301cam a2200337 a 4500
001 - CONTROL NUMBER
control field 4473301
003 - CONTROL NUMBER IDENTIFIER
control field Ke-BoTe
005 - DATE AND TIME OF LATEST TRANSACTION
control field 20241203020002.0
008 - FIXED-LENGTH DATA ELEMENTS--GENERAL INFORMATION
fixed length control field 961105s1997 moua bf 001 0 eng c
010 ## - LIBRARY OF CONGRESS CONTROL NUMBER
LC control number 96047933
020 ## - INTERNATIONAL STANDARD BOOK NUMBER
International Standard Book Number 0815109121 (pbk.)
040 ## - CATALOGING SOURCE
Original cataloging agency DNLM/DLC
Transcribing agency DLC
Modifying agency DLC
050 00 - LIBRARY OF CONGRESS CALL NUMBER
Classification number RT48.6
Item number .A35 1997
060 10 - NATIONAL LIBRARY OF MEDICINE CALL NUMBER
Classification number WY 49 N9745 1997
082 00 - DEWEY DECIMAL CLASSIFICATION NUMBER
Classification number 610.73
Edition number 21
245 00 - TITLE STATEMENT
Title Nursing diagnosis handbook :
Remainder of title a guide to planning care /
Statement of responsibility, etc. [edited by] Betty J. Ackley, Gail B. Ladwig ; with 4 consultants and 38 contributors.
250 ## - EDITION STATEMENT
Edition statement 3rd ed.
260 ## - PUBLICATION, DISTRIBUTION, ETC.
Place of publication, distribution, etc. St. Louis :
Name of publisher, distributor, etc. Mosby,
Date of publication, distribution, etc. c1997.
300 ## - PHYSICAL DESCRIPTION
Extent xv, 512 p. :
Other physical details ill. ;
Dimensions 24 cm.
500 ## - GENERAL NOTE
General note A folded sheet of "NANDA-approved nursing diagnoses" inserted.
504 ## - BIBLIOGRAPHY, ETC. NOTE
Bibliography, etc. note Includes bibliographical references and index.
650 #0 - SUBJECT ADDED ENTRY--TOPICAL TERM
Topical term or geographic name entry element Nursing diagnosis
General subdivision Handbooks, manuals, etc.
9 (RLIN) 3764
650 #0 - SUBJECT ADDED ENTRY--TOPICAL TERM
Topical term or geographic name entry element Nursing care plans
General subdivision Handbooks, manuals, etc.
9 (RLIN) 4764
650 12 - SUBJECT ADDED ENTRY--TOPICAL TERM
Topical term or geographic name entry element Nursing Diagnosis
General subdivision handbooks.
9 (RLIN) 4609
650 22 - SUBJECT ADDED ENTRY--TOPICAL TERM
Topical term or geographic name entry element Patient Care Planning
General subdivision handbooks.
9 (RLIN) 4181
700 1# - ADDED ENTRY--PERSONAL NAME
Personal name Ackley, Betty J.
9 (RLIN) 4765
700 1# - ADDED ENTRY--PERSONAL NAME
Personal name Ladwig, Gail B.
9 (RLIN) 4766
906 ## - LOCAL DATA ELEMENT F, LDF (RLIN)
a 7
b cbc
c orignew
d 1
e ocip
f 19
g y-gencatlg
942 ## - ADDED ENTRY ELEMENTS (KOHA)
Source of classification or shelving scheme Library of Congress Classification
Koha item type Books
Suppress in OPAC No
Koha issues (borrowed), all copies 2
Holdings
Withdrawn status Lost status Source of classification or shelving scheme Damaged status Not for loan Collection code Home library Current library Shelving location Date acquired Total Checkouts Total Renewals Full call number Barcode Date last seen Date last checked out Copy number Price effective from Koha item type
    Library of Congress Classification     Non-fiction SCHOOL OF HEALTH SCIENCES SCHOOL OF HEALTH SCIENCES General Stacks 10.05.2022 1 1 RT48.6.A35 1997 c1 00002050 10.12.2024 21.11.2024 1 10.05.2022 Books
    Library of Congress Classification     Non-fiction SCHOOL OF HEALTH SCIENCES SCHOOL OF HEALTH SCIENCES General Stacks 10.05.2022 1   RT48.6.A35 1997 c2 00002051 10.12.2024 02.12.2024 2 10.05.2022 Books